00279nam a2200121Ia 45000030006000000080041000060400015000471000020000622450040000822600006001225460012001280050017001400STCL150530s9999 xx 000 0 und d aSTCLcSTCL aMalcolm Thomson aLife and times of Winston Churchill c0 aEnglish20220125171411.0